| 000 | 00833nam a2200253 a 4500 | ||
|---|---|---|---|
| 003 | CO-ViMGA | ||
| 005 | 20230915233127.0 | ||
| 008 | 121114s2011 mx a jr 0001j spa d | ||
| 020 | _z9786074557947 | ||
| 040 |
_aCO-ViMGA _bspa _cCO-ViMGA |
||
| 043 | _ae-au--- | ||
| 082 | 0 | 4 | _bA BANp |
| 100 | 1 |
_aBansch, Helga, _d1957- _91902 |
|
| 245 | 1 | 0 |
_aPetra / _cHelga Bansch. |
| 260 |
_aMéxico : _bOQO Editora : _bConsejo Nacional para la Cultura y las Artes, _c2011. |
||
| 300 |
_a[36] p. : _bil. ; _c24 x 26 cm. |
||
| 490 | 0 | _aColección Q | |
| 650 | 1 | 4 |
_aAnimales _v Cuentos infantiles. _9307 |
| 650 | 1 | 4 |
_aElefantes _v Cuentos infantiles. _978 |
| 650 | 1 | 4 |
_aElefantes _x Libros ilustrados para niños. _92911 |
| 650 | 1 | 4 |
_aCuentos infantiles austríacos. _92910 |
| 650 | 1 | 4 |
_aLibros ilustrados para niños. _987 |
| 942 |
_2ddc _cBK |
||
| 999 |
_c35382 _d35382 |
||